000 01012nam a22003257a 4500
003 CHAP
005 20220817042205.0
008 971013s r 00010 d
010 _a37186
011 _a38158
035 _a42278
040 _cCHAP
090 _aFolleto 6236
110 _aMéxico. Dirección General de Economía Agrícola
_976976
245 _aProducción agrícola nacional 19 - datos definitivos
260 _a(s.l. :
_bs.e.),
_c(s.a.)
300 _av
490 _aSerie estadística
500 _aLa biblioteca tiene: 1970-1979
590 _aBATCH-UPD
_b10
_c20130110
_lUCH01
_h1913
590 _aBATCH-UPD
_b10
_c20130410
_lUCH01
_h1240
590 _aBATCH-UPD
_b10
_c20130914
_lUCH01
_h1119
590 _aCONVERSION
_b10
_c20130109
_lUCH01
_h1321
650 1 4 _aAgricultura
_xEstadisticas
_zMexico.
650 1 4 _aCultivos
_xRendimiento.
_930318
830 0 _aSerie estadística
_9104859
901 _aBK
942 _cFOLL
949 _aFolleto 6236
_bBC
_cFOLL
_d-97400
_eTS1
_i42278
_mD
_si
999 _c37186
_d37186